El resplandor / (Record no. 6214)
[ view plain ]
| 000 -CABECERA | |
|---|---|
| campo de control de longitud fija | 00694cam a2200217 a 4500 |
| 001 - NÚMERO DE CONTROL | |
| campo de control | 000006419 |
| 005 - FECHA Y HORA DE LA ÚLTIMA TRANSACCIÓN | |
| campo de control | 20200929153929.0 |
| 008 - DATOS DE LONGITUD FIJA--INFORMACIÓN GENERAL | |
| campo de control de longitud fija | 920416s1969 mx 001 f spa |
| 040 ## - FUENTE DE LA CATALOGACIÓN | |
| Centro catalogador/agencia de origen | DO-SdBNP |
| Centro/agencia transcriptor | DLC |
| 082 ## - NÚMERO DE LA CLASIFICACIÓN DECIMAL DEWEY | |
| Número de clasificación | M863.4 |
| Número de documento/Ítem | M189r |
| 100 1# - ENTRADA PRINCIPAL--NOMBRE DE PERSONA | |
| Nombre de persona | Magdaleno, Mauricio. |
| Forma completa/desarrollada del nombre | (Mauricio Magdaleno Cardona), |
| Fechas asociadas al nombre | 1906-1986. |
| 9 (RLIN) | 17832 |
| 245 13 - MENCIÓN DE TÍTULO | |
| Título | El resplandor / |
| Mención de responsabilidad, etc. | Mauricio Magdaleno. |
| 246 3# - FORMA VARIANTE DE TÍTULO | |
| Título propio/Titulo breve | Resplandor |
| 260 ## - PUBLICACIÓN, DISTRIBUCIÓN, ETC. | |
| Lugar de publicación, distribución, etc. | México : |
| Nombre del editor, distribuidor, etc. | Diana, |
| Fecha de publicación, distribución, etc. | 1969. |
| 300 ## - DESCRIPCIÓN FÍSICA | |
| Extensión | 289 p. ; |
| Dimensiones | 22 cm. |
| 490 1# - MENCIÓN DE SERIE | |
| Mención de serie | Novelistas mexicanos |
| Designación de volumen o secuencia | no. 12 |
| 650 #4 - PUNTO DE ACCESO ADICIONAL DE MATERIA--TÉRMINO DE MATERIA | |
| Término de materia o nombre geográfico como elemento de entrada | Novela mexicana |
| 9 (RLIN) | 3959 |
| 650 #4 - PUNTO DE ACCESO ADICIONAL DE MATERIA--TÉRMINO DE MATERIA | |
| Término de materia o nombre geográfico como elemento de entrada | Literatura mexicana |
| Subdivisión cronológica | SIGLO XXI |
| 9 (RLIN) | 16596 |
| 830 #0 - PUNTO DE ACCESO ADICIONAL DE SERIE-TÍTULO UNIFORME | |
| Título uniforme | Novelistas mexicanos ; |
| Designación de volumen o secuencia | no. 12 |
| 9 (RLIN) | 17833 |
| 910 ## - DATOS DE OPCIÓN DEL USUARIO (OCLC) | |
| Datos de opción del usuario | Catalogación por copia / LC |
| Estado de retiro | Estado de pérdida | Restricciones de uso | No para préstamo | Código de colección | Localización permanente | Ubicación/localización actual | Ubicación en estantería | Fecha de adquisición | Número de inventario | Total de préstamos | Signatura topográfica completa | Código de barras | Fecha visto por última vez | Precio válido a partir de | Tipo de ítem Koha |
|---|---|---|---|---|---|---|---|---|---|---|---|---|---|---|---|
| Préstamo interno | Monografías: Libros y Folletos | General | General | En catalogación | 28.08.2009 | LF1 | M863.4 M189r | 6419-10 | 25.06.2020 | 25.06.2020 | Préstamo interno |
